The making of the English landscape (Record no. 82339)

MARC details
000 -LEADER
fixed length control field 00800nam a2200157 a 4500
008 - FIXED-LENGTH DATA ELEMENTS--GENERAL INFORMATION
fixed length control field 120416s1981 ||||||||||||||||| || u
050 ## - LIBRARY OF CONGRESS CALL NUMBER
Classification number N 8213 Hos
100 ## - MAIN ENTRY--PERSONAL NAME
Personal name Hoskins, W. G
245 14 - TITLE STATEMENT
Title The making of the English landscape
260 ## - PUBLICATION, DISTRIBUTION, ETC.
Place of publication, distribution, etc. London
Name of publisher, distributor, etc. Hodder and Stoughton
Date of publication, distribution, etc. 1981
300 ## - PHYSICAL DESCRIPTION
Extent 326p. : ill.
350 ## -
-- 0.00
995 ## -
-- MAIN LIBRARY OPEN ACCESS
-- 0.00
-- 704090
-- CBU-MAIN LIBRARY (Kitwe)
-- 1
-- 0.00
-- N 8213 Hos
-- 1
-- AVAILABLE
-- 009801
-- Main Library Open Access Collection
995 ## -
-- ANNEX COLLECTION (Main Library)
-- 0.00
-- 704089
-- CBU-MAIN LIBRARY (Kitwe)
-- 2
-- 0.00
-- N 8213 Hos
-- 2
-- AVAILABLE
-- 009802
-- Annex Low-Usage Collection
995 ## -
-- MAIN LIBRARY OPEN ACCESS
-- 0.00
-- 704091
-- CBU-MAIN LIBRARY (Kitwe)
-- 3
-- 0.00
-- N 8213 Hos
-- 3
-- AVAILABLE
-- 009800
-- Main Library Open Access Collection
999 ## -
-- 82339
-- 82339
Holdings
Withdrawn status Lost status Source of classification or shelving scheme Damaged status Not for loan Permanent Location Current Location Shelving location Date acquired Total Checkouts Full call number Barcode Date last seen Copy number Price effective from Koha item type
          CBU-MAIN LIBRARY, KITWE. CBU-MAIN LIBRARY, KITWE.   09/27/2023   N 8213 Hos 009801 09/27/2023 1 09/27/2023 MONOGRAPH
          CBU-MAIN LIBRARY, KITWE. CBU-MAIN LIBRARY, KITWE.   09/27/2023   N 8213 Hos 009802 09/27/2023 2 09/27/2023 MONOGRAPH
          CBU-MAIN LIBRARY, KITWE. CBU-MAIN LIBRARY, KITWE.   09/27/2023   N 8213 Hos 009800 09/27/2023 3 09/27/2023 MONOGRAPH